• 首页
  • 本馆介绍
  • 公告通知
  • 最新文献
  • 馆藏检索
  • 电子资源
  • 读者导购
  • 参考咨询
  • 我的图书馆
  • 登录
  • 详细信息显示
  • 放入我的书架
  • 预约/预借图书
  • 作者相关作品
  • 分类相关作品
  • 丛书相关作品
  • 出版社相关作品

书目信息

  • 表格格式
  • 工作单格式
  • 卡片格式
书名: ABC’s of relationship selling
作者: Charles M. Futrell.
分册号:
分册名:
出版地: Boston, Mass. :
 
出版社: McGraw-Hill
出版时间: c2003.
页数: xix, 470 p. :
开本: 26 cm. +
丛书名:
中图分类号:
科图分类号:
其他分类号: F73
主题词:
电子资源:
000 01058cam a2200289 a 450
001 E0731140067
005 20070713084106.35
008 010824s2003 mauab b 001 0 eng
010    @a2001044780
020    @a0-07-247154-9.
040    @aDLC@cDLC@dDLC
042    @apcc
050 00 @aHF5438.25@b.F868 2003
082 00 @a658.85@2 21
090    @aF73
099    @dF73@ex93
100 1  @aFutrell, Charles.
245 10 @aABC’s of relationship selling / @cCharles M. Futrell.
250    @a7th ed.
260    @aBoston, Mass. :@bMcGraw-Hill,@cc2003.
260    @aBerkeley :@bBerkeley.
300    @axix, 470 p. :@bill., map ;@c26 cm. +@e1 CD-ROM (4 3/4 in.).
504    @aIncludes bibliographical references and index.
650  0 @aSelling.
906    @a7@bcbc@corignew@d1@eocip@f20@gy-gencatlg
925 0  @aacquire@b1 shelf copy@xpolicy default
955    @apc20 2001-08-24 to SSCD@cse45 2001-08-28@ise45 2001-08-28@ese45 2001-08-28 to Dewey@dse02 2001-08-28@aaa19 2001-08-29@aps15 2002-03-05 bk rec’d, to CIP ver.@fjb15 2002-03-25 CIP Ver. to BCCD
    
    ABC’s of relationship selling / / Charles M. Futrell.-7th ed.-Boston, Mass. : : McGraw-Hill, , c2003.-Berkeley : : Berkeley.
    xix, 470 p. : : ill., map ; ; 26 cm. + + 1 CD-ROM (4 3/4 in.).
    Includes bibliographical references and index.
    
    ISBN 0-07-247154-9.
    
●
相关链接 在E读中查询图书 在五车中查询图书 在当当中查询图书 在豆瓣中查询图书


正题名:ABC's of relationship selling     索取号:F73/x93         预约/预借

序号 登录号 条形码 馆藏地/架位号 状态 备注
1 12937   300129377   第二样本阅览室/ [索取号:F73/x93] 在馆    
2 12938   300129386   第四借阅区/ [索取号:F73/x93] 在馆    
3 12939   300129395   第四借阅区/ [索取号:F73/x93] 在馆    
4 12940   300129402   第四借阅区/ [索取号:F73/x93] 在馆    
唐山师范学院图书馆 欢迎您!
大连网信软件有限公司© 版权所有